000 00723nam a22002537a 4500
001 BR7905775
003 BR-BrBNA
005 20230928090103.0
007 ta
008 230509b bl.||||| |||| 00| 0 por d
040 _aBR-BrBNA
_bpor
_cBiblioteca Nacional de Agricultura
041 _a(Por)
072 _aA50; M40
_b3410
090 _ 3410 BR7905775
110 1 _aSociedade Brasileira de Microbiologia, Sao Paulo, SP
_99771
245 1 _aFicologistas Latino-americanos [Pesquisa; Biologia aquatica; Alga]
260 3 _aSao Paulo, SP (Brasil):
_c1979.
300 _a32 p.
650 _aPesquisa agricola
650 _aBiologia aquatica
650 _aAlga
909 _a202309
_bLucia
_c55
_dLucia Elande
942 _cBK
999 _c27767
_d27767